000
00335 a2200145 4500
001
179575
020
_a
040
_c
Magnum
100
_a
Birchal, Ydernea
240
1
0
_a
... assim comeca tudo outra vez
_l
por
245
1
0
_a
... assim comeca tudo outra vez
362
0
_a
1899
697
_a
MAGNITO: IJ/FADAS, FANTASIA
942
_c
BK
999
_c
179575
_d
179575